Computer Vision

Збережено в:
Бібліографічні деталі
Автор: Richard Szeliski
Формат: Книга
Опубліковано: Springer
Предмети:
AI
Теги: Додати тег
Немає тегів, Будьте першим, хто поставить тег для цього запису!

MARC

LEADER 00000nam a2200000Ia 4500
005 20260427112722.0
526 |b Data Science 
100 |a Richard Szeliski 
020 |a 9783030343743 
650 |a AI 
526 |a Bachelors 
942 |c BK 
245 |a Computer Vision 
260 |b Springer 
999 |c 109  |d 109 
952 |0 0  |1 0  |4 0  |7 0  |8 2  |a BRISTOL  |b BRISTOL  |d 2026-04-22  |l 0  |p 000074  |r 2026-04-27 11:27:22  |w 2026-04-27  |y BK